Responses for Show #3282 - Tuesday, December 8, 1998

Contestants

[<< previous game]

John Zorn, a teacher from Los Angeles, California

Megan Wood, an environmental geologist from Austin, Texas

Giselle Foss, a broadcast librarian from Washington, D.C. (whose 1-day cash winnings total $14,700)

[next game >>]

Jeopardy! Round responses

HISTORIC FLORIDA
FOODSTUFF
THE BODY HUMAN
COCKNEY RHYMING SLANG
BREAKING UP
MAKING UP
    $100 1
Florida Keys

John
    $100 6
Cabbage

Megan
    $100 11
Adrenaline/Epinephrine

Megan
    $100 16
Sister

Triple Stumper
    $100 21
Jim Morrison

Giselle
    $100 26
Estee Lauder

Giselle
    $200 2
Ponce de Leon

John
    $200 7
Plantain

Giselle
    $200 12
insulin

John
    $200 17
(John: I...)
...
(Alex: John, you want to stick with this category, don't you?)
(John: Gee, I don't... yeah, I'll stick with it!)

telephone

John
Triple Stumper
    $200 22
Eurythmics

John
    $200 27
Avon

Giselle
    $300 3
Everglades

John
    $300 8
Brick cheese

Triple Stumper
    $500 13
Wrist

John
    $300 18
Bank

Megan
    $300 23
Blondie

Megan
    $300 28
RuPaul

John
    $400 4
Apollo 11

John
    $400 9
(Giselle: What is crème brûlée?)

Baked Alaska

GiselleMegan
    $400 14
Eyes

Megan
    $400 19
Shirt

Giselle
    $400 24
Nirvana

John
    $400 29
Max Factor

Giselle
    $500 5
(Alex: Well done, you ran the category, you're off to a great start!)

Hernando de Soto

John
    $500 10
(John: What is confection sugar... confectionary?)

confectioner's sugar

GiselleJohn
    $500 15
Saliva

John
    $500 20
Pillow

Megan
    $500 25
Toad the Wet Sprocket

John
    $500 30
Noxzema ("No Eczema")

Triple Stumper

Scores at the first commercial break (after clue 13):

Giselle Megan John
$300 $600 $1,700

Scores at the end of the Jeopardy! Round:

Giselle Megan John
$1,500 $2,100 $3,400

Double Jeopardy! Round responses

AUTHOR! AUTHOR!
ORIGINAL GANGSTERS
"LAND"s OF THE WORLD
THE MOVIES
WHICH CAME FIRST?
(Alex: Chronologically)
IN THE DICTIONARY
    $200 11
Wally Lamb

Triple Stumper
    $200 26
Bonnie Parker & Clyde Barrow

Megan
    $200 1
Greenland

Giselle
    $200 6
The Flintstones

Megan
    $200 16
Magna Carta

John
    $200 21
Nape

Giselle
    $400 12
Judith Guest

Triple Stumper
    $400 27
John Dillinger

John
    $400 2
Ireland

Giselle
    $400 7
Romancing the Stone

Giselle
    $400 17
(John: What is the Tony?)

the Oscar

MeganJohn
    $400 22
Talk

Megan
    $600 13
Maeve Binchy

Megan
    $600 28
Bugsy Siegel

Giselle
    $900 3
(Giselle: I'm drawing a blank!)
...
(Alex: [Before Final Jeopardy!] I know that some of you were not paying attention to the commercials during the break, because you were busy writing, since you discovered an error that we made in that last round, in the "LAND"s OF THE WORLD category. In our Daily Double clue, we left out a couple of important words. We should have said "It's the only one-word U.S. state that fits the category". We said [*]. [**] would also have been accepted the way we wrote the clue. Our error!)

Maryland (or Rhode Island)

Giselle
    $600 8
True Grit

John
    $600 18
Ringo

Giselle
    $600 23
Ovation

John
    $800 14
Sherwood Anderson

John
    $800 29
Meyer Lansky

Triple Stumper
    $800 4
Swaziland

John
    $800 9
Jailhouse Rock

John
    $800 19
Town Without Pity

Megan
    $800 24
Coin

Megan
    $1000 15
Edward Bellamy

Giselle
    $1000 30
Pretty Boy Floyd

Megan
    $1000 5
Newfoundland

Giselle
    $500 10
Tin Cup

John
    $1000 20
Junius Booth

Giselle
    $1000 25
(Alex: And we're not referring to seals as animals.)

Signet rings

Triple Stumper

Scores at the end of the Double Jeopardy! Round:

Giselle Megan John
$6,000 $6,500 $7,700

[wagering suggestions for these scores]

Final Jeopardy! Round responses

ORGANIZATIONS
(Alex: Came about because polio was such a killer disease at that time in great numbers too.)
GiselleWho was FDR?
$5,700
MeganWho was FDR?
$5,501
JohnWho is FDR?
$6,000
Franklin Delano Roosevelt

Final scores:

Giselle Megan John
$11,700 $12,001 $13,700
3rd place: Olympus VLX Sports SLR Camera 2nd place: Trip to Marriott's Marco Island Resort, Florida New champion: $13,700

Game dynamics:

Coryat scores:

Giselle Megan John
$6,900 $6,500 $8,000
16 R,
2 W
(including 1 DD)
15 R,
0 W
20 R
(including 2 DDs),
3 W

Combined Coryat: $21,400

[game clues] [game scores] [suggest correction]

Game tape date: 1998-10-13
The J! Archive is created by fans, for fans. Scraping, republication, monetization, and malicious use prohibited; this site may use cookies and collect identifying information. See terms. The Jeopardy! game show and all elements thereof, including but not limited to copyright and trademark thereto, are the property of Jeopardy Productions, Inc. and are protected under law. This website is not affiliated with, sponsored by, or operated by Jeopardy Productions, Inc. Join the discussion at JBoard.tv.